[Event "Islington op"]
[Site "Islington"]
[Date "1972.12.15"]
[Round "1"]
[White "Webb, Roger"]
[Black "Nunn, John DM"]
[Result "1/2-1/2"]
[WhiteElo "2240"]
[BlackElo "2320"]

1.d4 Nf6 2.c4 c5 3.Nf3 cxd4 4.Nxd4 e6 5.g3 Nc6 6.Bg2 Be7 7.O-O O-O 8.Nc3 d5
9.cxd5 exd5 10.Bf4 Qb6 11.Nxc6 bxc6 12.Na4 Qb5 13.Rc1 Bf5 14.Qb3 Qxb3 15.axb3 Rfc8
16.Nc5 Nd7 17.Nb7 Be6 18.Rfd1 g5 19.Be3 Rc7 20.Nc5 Nxc5 21.Bxc5 Bxc5 22.Rxc5 Rb8
23.e4 Rd7 24.Rxc6 dxe4 25.Rxd7  1/2-1/2

[Event "Islington op"]
[Site "Islington"]
[Date "1972.12.16"]
[Round "2"]
[White "Nunn, John DM"]
[Black "Stebbings, Anthony"]
[Result "1/2-1/2"]
[WhiteElo "2320"]
[BlackElo "2136"]

1.e4 c5 2.Nf3 e6 3.d4 cxd4 4.Nxd4 a6 5.Nc3 Qc7 6.g3 Nc6 7.Bg2 d6 8.O-O Nxd4
9.Qxd4 Ne7 10.Be3 b5 11.e5 Nf5 12.exd6 Bxd6 13.Qg4 Bb7 14.Ne4 O-O 15.Bg5 Be5
16.c3 h6 17.Bd2 Rfd8 18.Rad1 Qb6 19.Kh1 Rac8 20.Qe2 a5 21.f4 Bb8 22.Qf2 Qxf2
23.Nxf2 Bxg2+ 24.Kxg2 Rxd2 25.Rxd2 Ne3+ 26.Kg1 Nxf1 27.Kxf1 Bc7 28.Ke2 Kf8
29.Ne4 Ke7 30.b4 Rd8 31.Rc2 Bb6 32.Nd2  1/2-1/2

[Event "Islington op"]
[Site "Islington"]
[Date "1972.12.16"]
[Round "3"]
[White "O'Sullivan, BF."]
[Black "Nunn, John DM"]
[Result "1/2-1/2"]
[WhiteElo "1992"]
[BlackElo "2320"]

1.b3 d5 2.Bb2 c5 3.Nf3 Nf6 4.e3 e6 5.Bb5+ Bd7 6.Bxd7+ Nbxd7 7.O-O Be7 8.c4 O-O
9.Nc3 dxc4 10.bxc4 Qa5 11.Qb3 Rfd8 12.Rfd1 a6 13.Rab1 Rab8 14.a4 Ne8 15.d3 Nd6
16.Ba1 Rbc8 17.Ne2 Rc6 18.Nf4 Bf6 19.Bxf6 Nxf6 20.Ne5 Rcc8 21.h3 Nd7 22.Nxd7 Rxd7
23.Rb2 Rc6 24.Ne2 Nc8 25.Nc3 Rb6 26.Qc2 Rxb2 27.Qxb2 Ne7 28.d4 cxd4 29.Rxd4 Qc7
30.Ne4 Nf5 31.Rxd7 Qxd7 32.Qb6 h6 33.a5 Qa4 34.Qxb7 Qxc4 35.g4 Nh4 36.Nd6 Qd5
37.Qxd5  1/2-1/2

[Event "Islington op"]
[Site "Islington"]
[Date "1972.12.16"]
[Round "4"]
[White "Nunn, John DM"]
[Black "Pope, A."]
[Result "0-1"]
[WhiteElo "2320"]
[BlackElo "2070"]

1.e4 c5 2.Nf3 d6 3.d4 cxd4 4.Nxd4 Nf6 5.Nc3 g6 6.f4 Nbd7 7.Be2 Bg7 8.O-O O-O
9.Kh1 Qc7 10.Bf3 Nc5 11.Be3 a6 12.Nb3 Be6 13.e5 Nfd7 14.exd6 exd6 15.Nd4 Nb6
16.f5 gxf5 17.Qe1 Kh8 18.Qh4 Be5 19.b4 Ncd7 20.Ne4 Rg8 21.Ng5 Nf8 22.Bh5 Rg7
23.Rae1 Nd5 24.Nxf5 Bxf5 25.Rxf5 f6 26.Nh3 Nxe3 27.Rxe3 Qxc2 28.Rf2 Qc1+  0-1

[Event "Birmingham International"]
[Site "Birmingham"]
[Date "1974.04.09"]
[Round "1"]
[White "Nunn, John DM"]
[Black "Miles, Anthony J"]
[Result "1/2-1/2"]
[WhiteElo "2300"]
[BlackElo "2375"]

1.e4 c5 2.Nf3 d6 3.d4 cxd4 4.Nxd4 Nf6 5.Nc3 g6 6.f4 Nbd7 7.Be2 Bg7 8.O-O O-O
9.Kh1 a6 10.Bf3 Nb6 11.a4 Qc7 12.a5 Nc4 13.Qe1 e5 14.Nde2 Nxa5 15.fxe5 dxe5
16.Bg5 Be6 17.Nd5 Bxd5 18.exd5 Nc4 19.Qh4 Nd7 20.Be7 Rfe8 21.d6 Nxd6 22.Bxd6 Qxd6
23.Bxb7 Ra7 24.Qf2 Qb8 25.Qxf7+ Kh8 26.Bc6 Rf8  1/2-1/2

[Event "Birmingham International"]
[Site "Birmingham"]
[Date "1974.04.10"]
[Round "2"]
[White "Wade, Robert Graham"]
[Black "Nunn, John DM"]
[Result "1/2-1/2"]
[WhiteElo "2365"]
[BlackElo "2300"]

1.c4 Nf6 2.Nc3 e5 3.Nf3 Nc6 4.g3 Nd4 5.e3 Nxf3+ 6.Qxf3 Be7 7.Bg2 O-O 8.O-O c6
9.d4 d6 10.Qd1 Bg4 11.Qd2 Qd7 12.b3 Bh3 13.dxe5 Bxg2 14.Kxg2 dxe5 15.Qxd7 Nxd7
16.Rd1 Rfd8 17.Bb2 Nc5 18.Ba3 Kf8 19.Kf3 Nd3 20.Bxe7+ Kxe7  1/2-1/2

[Event "Birmingham International"]
[Site "Birmingham"]
[Date "1974.04.12"]
[Round "4"]
[White "Tringov, Georgi P"]
[Black "Nunn, John DM"]
[Result "1-0"]
[WhiteElo "2450"]
[BlackElo "2300"]

1.e4 g6 2.d4 Bg7 3.Nc3 d6 4.Be3 a6 5.a4 Nc6 6.Be2 e5 7.dxe5 Nxe5 8.f4 Nc6
9.Nf3 Nf6 10.O-O O-O 11.Nd4 Bd7 12.Bf3 Re8 13.Bf2 Nxd4 14.Bxd4 Bc6 15.Qd3 Nd7
16.Bxg7 Kxg7 17.b4 Qf6 18.Bg4 Nf8 19.Rad1 b5 20.a5 Re7 21.g3 Rae8 22.Bf3 Kg8
23.e5 dxe5 24.fxe5 Rxe5 25.Bd5 Rf5 26.Ne4 Rxe4 27.Bxe4 Bxe4 28.Qxe4 Rxf1+
29.Rxf1 Qd6 30.Qf3 Qd7 31.Rd1 Qe7 32.c3 Ne6 33.Qe3 Qf6 34.Rd7 h5 35.Qf2 Qg7
36.h4 g5 37.hxg5 Nxg5 38.Qf5 Ne6 39.Kh2 Kf8 40.Qxh5  1-0

[Event "Birmingham International"]
[Site "Birmingham"]
[Date "1974.04.15"]
[Round "6"]
[White "Nunn, John DM"]
[Black "Gasic, Bozidar"]
[Result "1-0"]
[WhiteElo "2300"]
[BlackElo "2390"]

1.e4 c5 2.Nf3 d6 3.d4 cxd4 4.Nxd4 Nf6 5.Nc3 a6 6.Be3 Ng4 7.Bg5 h6 8.Bh4 Nf6
9.f4 Qb6 10.Qd2 Nc6 11.Nb3 e6 12.O-O-O Be7 13.Bd3 Qc7 14.Bf2 b5 15.Rhe1 b4
16.Ne2 O-O 17.Kb1 Bd7 18.h3 e5 19.g4 exf4 20.Nxf4 a5 21.Nd4 Ne5 22.Rg1 Bc6
23.Qe3 b3 24.g5 bxc2+ 25.Bxc2 hxg5 26.Rxg5 Rfb8 27.Rxg7+ Kxg7 28.Rg1+ Kh7
29.Qg3 Nfg4 30.hxg4 Qb7 31.b3 Bxe4 32.Rh1+ Kg8 33.Qh3 Bxc2+ 34.Nxc2 Bf6 35.Nh5 Qe7
36.Nxf6+ Qxf6 37.Qh7+ Kf8 38.Bh4 Qg6 39.Qh8+ Qg8 40.Qh6+ Qg7 41.Qxd6+ Kg8
42.Bf6 Nc4 43.Bxg7 Nxd6 44.Bf6  1-0

[Event "Birmingham International"]
[Site "Birmingham"]
[Date "1974.04.16"]
[Round "7"]
[White "De Veauce, Louis"]
[Black "Nunn, John DM"]
[Result "0-1"]
[WhiteElo "2200"]
[BlackElo "2300"]

1.c4 Nf6 2.Nc3 e6 3.Nf3 c5 4.e3 d5 5.cxd5 exd5 6.Bb5+ Nc6 7.Ne5 Qc7 8.Qa4 Qxe5
9.Bxc6+ Bd7 10.Bxd7+ Nxd7 11.O-O Qd6 12.d4 Qc6 13.b3 Qxa4 14.bxa4 Nf6 15.Nb5 Kd7
16.dxc5 Bxc5 17.Bb2 Rac8 18.Rfd1 Ke6 19.Rab1 Rhd8 20.Bd4 Rd7 21.Bxc5 Rxc5
22.Nxa7 Rc2 23.Rb6+ Kf5 24.a3 d4 25.g4+ Nxg4 26.exd4 Re7 27.Nb5 Kg5 28.Rf1 Ree2
29.Nd6 f5 30.Rb5 g6 31.h3 Ne3 32.Rfb1 Kf4 33.fxe3+ Kf3 34.Rf1+ Kg3 35.Ne4+ fxe4
36.Rg5+ Kh4 37.Rg4+ Kxh3 38.Rff4 Re1+  0-1

[Event "Birmingham International"]
[Site "Birmingham"]
[Date "1974.04.17"]
[Round "8"]
[White "Nunn, John DM"]
[Black "Cafferty, Bernard"]
[Result "0-1"]
[WhiteElo "2300"]
[BlackElo "2355"]

1.e4 Nf6 2.e5 Nd5 3.c4 Nb6 4.d4 d6 5.f4 dxe5 6.fxe5 Bf5 7.Nc3 e6 8.Nf3 Be7
9.Be3 O-O 10.Bd3 Nc6 11.Bxf5 exf5 12.Qd3 Qd7 13.d5 Nb4 14.Qe2 f4 15.Bf2 Qf5
16.O-O Qd3 17.a3 Qxe2 18.Nxe2 Nd3 19.b3 Nxf2 20.Kxf2 Bc5+ 21.Ke1 Be3 22.g3 fxg3
23.hxg3 Rfe8 24.Nf4 Nd7 25.Ke2 Bc5 26.e6 fxe6 27.Nxe6 Bd6 28.Kd3 c6 29.Nh4 cxd5
30.cxd5 g6 31.Ra2 Rac8 32.g4 Nc5+ 33.Nxc5 Rxc5 34.b4 Rxd5+ 35.Kc4 Rg5 36.Rd2 Rxg4+
37.Kb5 Bf4 38.Rd4 Rxh4 39.Rdxf4 Re5+  0-1

[Event "Birmingham International"]
[Site "Birmingham"]
[Date "1974.04.19"]
[Round "10"]
[White "Nunn, John DM"]
[Black "Corden, Martyn J"]
[Result "1/2-1/2"]
[WhiteElo "2300"]
[BlackElo "2275"]

1.e4 e5 2.Nf3 Nc6 3.Bb5 a6 4.Bxc6 dxc6 5.O-O Bg4 6.h3 h5 7.d3 Qf6 8.Nbd2 Ne7
9.Re1 Ng6 10.d4 Bd6 11.hxg4 hxg4 12.Nh2 Rxh2 13.Qxg4 Qh4 14.Qxh4 Rxh4 15.Nf3 Rh5
16.dxe5 Nxe5 17.Nxe5 Bxe5 18.c3 g5 19.f3 Bg3 20.Rd1 Ke7 21.Be3 Rah8 22.Kf1 Rh1+
23.Ke2 Rxd1 24.Rxd1 Rh2 25.Rg1 f6 26.Bf2 Bd6 27.Bd4 c5 28.Be3  1/2-1/2

[Event "Birmingham International"]
[Site "Birmingham"]
[Date "1974.04.21"]
[Round "11"]
[White "Popov, Luben"]
[Black "Nunn, John DM"]
[Result "0-1"]
[WhiteElo "2470"]
[BlackElo "2300"]

1.d4 Nf6 2.c4 c5 3.d5 e6 4.Nc3 exd5 5.cxd5 d6 6.Nf3 g6 7.Nd2 Bg7 8.Nc4 O-O
9.Bg5 h6 10.Bh4 Na6 11.e3 Nc7 12.a4 b6 13.Be2 Ba6 14.O-O Qd7 15.e4 Rae8 16.Qc2 Nh5
17.f4 f5 18.b3 Bxc3 19.Qxc3 Nxd5 20.Qd2 Nhxf4 21.Bd1 fxe4 22.Bc2 e3 23.Qe1 Qg4
24.Bg3 Ne2+ 25.Kh1 Rxf1+ 26.Qxf1 Nxg3+ 27.hxg3 e2 28.Qf2 Rf8  0-1

[Event "BCF-ch"]
[Site "Clacton on Sea"]
[Date "1974.08.05"]
[Round "1"]
[White "Knox, Victor W"]
[Black "Nunn, John DM"]
[Result "1-0"]
[WhiteElo "2200"]
[BlackElo "2395"]

1.e4 g6 2.d4 Bg7 3.Nc3 d6 4.f4 c6 5.Nf3 Bg4 6.Be3 Qb6 7.Qd2 Bxf3 8.gxf3 Nd7
9.Bh3 Qa5 10.O-O e6 11.Rae1 Ne7 12.f5 gxf5 13.exf5 e5 14.Kh1 O-O-O 15.f6 Bxf6
16.Ne4 Qxd2 17.Bxd2 Kc7 18.Bxd7 Bh4 19.Bh3 Bxe1 20.Rxe1 exd4 21.Nxd6 Kxd6
22.Bf4+ Kc5 23.Rxe7 Rde8 24.Rxe8 Rxe8 25.Bf1 Re1 26.Kg2 Rb1 27.b3 Rb2 28.Bd3 Rxa2
29.Bxh7 a5 30.h4 b5 31.h5 a4 32.bxa4 bxa4 33.h6 a3 34.Bd3 Rb2 35.h7 a2 36.h8=Q a1=Q
37.Qf8+ Kb6 38.Qb8+ Kc5 39.Qd6+ Kb6 40.Qxd4+  1-0

[Event "BCF-ch"]
[Site "Clacton on Sea"]
[Date "1974.08.06"]
[Round "2"]
[White "Nunn, John DM"]
[Black "Lennox, CJ."]
[Result "0-1"]
[WhiteElo "2395"]
[BlackElo "2200"]

1.e4 c5 2.Nf3 d6 3.d4 cxd4 4.Nxd4 Nf6 5.Nc3 a6 6.Bg5 e6 7.f4 Bd7 8.Qf3 Nc6
9.O-O-O Nxd4 10.Rxd4 Bc6 11.f5 Qa5 12.Be2 Be7 13.Bd2 Qe5 14.Rc4 O-O 15.Bf4 Qa5
16.Qg3 Bb5 17.Bh6 Ne8 18.e5 exf5 19.Nd5 Qd8 20.Nc7 Bh4 21.Rxh4 Qxc7 22.exd6 Qxd6
23.Bf4 Qe6 24.Bd3 Bxd3 25.Qxd3 Qxa2 26.Qxf5 g6 27.Qh3 Qa1+ 28.Kd2 Qxh1 29.Rxh7 Rd8+  0-1

[Event "BCF-ch"]
[Site "Clacton on Sea"]
[Date "1974.08.07"]
[Round "3"]
[White "Yerbury, P."]
[Black "Nunn, John DM"]
[Result "0-1"]
[WhiteElo "2200"]
[BlackElo "2395"]

1.e4 g6 2.d4 Bg7 3.Nc3 d6 4.f4 c6 5.Nf3 Bg4 6.Be3 Qb6 7.Qd2 Bxf3 8.gxf3 Nd7
9.Bh3 Qa5 10.O-O b5 11.a4 b4 12.Ne2 Nb6 13.Qd3 Nf6 14.f5 O-O 15.Nc1 Nbd7
16.Nb3 Qc7 17.c4 bxc3 18.bxc3 Rab8 19.Rab1 Rb7 20.f4 Rfb8 21.c4 c5 22.e5 Nh5
23.fxg6 hxg6 24.e6 cxd4 25.exf7+ Kxf7 26.Nxd4 Bxd4 27.Bxd4 Rxb1 28.Rxb1 Rxb1+
29.Qxb1 Qxc4 30.Qd1 Nxf4 31.Bf1 Qd5 32.Qa1 Ne5 33.Bxe5 dxe5 34.Qa3 Qd4+ 35.Kh1 Qf2
36.Qb3+ Kg7 37.Qb5 Kh6 38.a5 e4  0-1

[Event "BCF-ch"]
[Site "Clacton on Sea"]
[Date "1974.08.10"]
[Round "6"]
[White "Nunn, John DM"]
[Black "Holloway, Nigel J"]
[Result "1/2-1/2"]
[WhiteElo "2395"]
[BlackElo "2200"]

1.e4 Nf6 2.e5 Nd5 3.d4 d6 4.c4 Nb6 5.f4 dxe5 6.fxe5 Bf5 7.Nc3 e6 8.Nf3 Nc6
9.Be3 Be7 10.d5 Nb4 11.Rc1 exd5 12.a3 c5 13.axb4 d4 14.Bxd4 cxd4 15.Nxd4 Bg6
16.c5 O-O 17.cxb6 Bxb4 18.Be2 Qxb6 19.O-O Rad8 20.Rf4 Bc5 21.Nb5 Rfe8 22.Nd6 Bxd6
23.exd6 Qxd6 24.Qf1 Qb6 25.Rd1 Qxb2 26.Bc4 Re7 27.Nf5 Qb6+ 28.Kh1 Bxf5 29.Rxd8+ Qxd8
30.Rxf5 Qc7 31.h4 a5  1/2-1/2

[Event "BCF-ch"]
[Site "Clacton on Sea"]
[Date "1974.08.12"]
[Round "7"]
[White "Nunn, John DM"]
[Black "Ludgate, Alan"]
[Result "1-0"]
[WhiteElo "2395"]
[BlackElo "2200"]

1.e4 e5 2.Nf3 Nc6 3.Bb5 a6 4.Ba4 Nf6 5.d4 exd4 6.O-O Be7 7.Re1 b5 8.e5 Nxe5
9.Rxe5 d6 10.Re1 bxa4 11.Nxd4 Bd7 12.Qf3 O-O 13.Nc6 Bxc6 14.Qxc6 Nd7 15.Nc3 Nb6
16.Nxa4 Nxa4 17.Qxa4 Bf6 18.c3 Qc8 19.Be3 Qb7 20.Re2 Qb5 21.Qc2 Qc4 22.Rd2 Rfe8
23.Qd3 Re4 24.Qxc4 Rxc4 25.Kf1 Re8 26.Ke2 Bg5 27.Kd3 Rg4 28.g3 Bf6 29.f4 g5
30.Rf1 gxf4 31.Rxf4 Rxf4 32.Bxf4 Kg7 33.Kc4 Rb8 34.a4 Be5 35.Kd5 Bxf4 36.gxf4 Rb6
37.b4 a5 38.b5 Kf6 39.Re2 Kf5 40.Re7 f6 41.Rxh7 Kxf4 42.Rxc7 f5 43.Rc6 Rb8
44.Rxd6 Ke3 45.c4 f4 46.Re6+  1-0

[Event "BCF-ch"]
[Site "Clacton on Sea"]
[Date "1974.08.13"]
[Round "8"]
[White "Sinclair, Ian"]
[Black "Nunn, John DM"]
[Result "0-1"]
[WhiteElo "2200"]
[BlackElo "2395"]

1.c4 Nf6 2.Nc3 e6 3.g3 d5 4.d4 c5 5.cxd5 cxd4 6.Qxd4 Nc6 7.Qd1 exd5 8.e3 Bg4
9.Be2 h5 10.Nf3 Qd7 11.Bd2 Be7 12.Nb5 Ne4 13.Bc3 Nxc3 14.bxc3 Rc8 15.Qd2 h4
16.Rd1 a6 17.Nbd4 hxg3 18.fxg3 Bd6 19.Kf2 Rh6 20.Rhe1 Kf8 21.Kg2 Ne7 22.e4 dxe4
23.Ng5 e3 24.Qxe3 Nd5 25.Qf2 Bh3+ 26.Nxh3 Qxh3+ 27.Kg1 Bxg3 28.Qxg3 Rg6 29.Qxg6 fxg6
30.Rd3 Qh4 31.Nf3 Qg4+ 32.Kf2 Nf4 33.Rd4 Qg2+ 34.Ke3 Nxe2 35.Rxe2 Re8+  0-1

[Event "BCF-ch"]
[Site "Clacton on Sea"]
[Date "1974.08.14"]
[Round "9"]
[White "Law, Andrew P"]
[Black "Nunn, John DM"]
[Result "1/2-1/2"]
[WhiteElo "2200"]
[BlackElo "2395"]

1.c4 Nf6 2.Nc3 e6 3.Nf3 c5 4.g3 d5 5.cxd5 exd5 6.d4 Nc6 7.Bg2 Be7 8.O-O O-O
9.Bg5 cxd4 10.Nxd4 Re8 11.Rc1 h6 12.Be3 Bf8 13.Nb3 Be6 14.Bc5 Bxc5 15.Nxc5 Qe7
16.Nxe6 fxe6 17.e4 Rad8 18.exd5 exd5 19.Nxd5 Nxd5 20.Bxd5+ Kh8 21.Qh5 Nd4
22.Rcd1 Qc5 23.Bf7 Re5 24.Qg4 h5 25.Qh3 Rf8 26.Rxd4 Qxd4 27.Bxh5 Qd2 28.f4 Kg8  1/2-1/2

[Event "BCF-ch"]
[Site "Clacton on Sea"]
[Date "1974.08.15"]
[Round "10"]
[White "Nunn, John DM"]
[Black "Webb, Simon"]
[Result "1/2-1/2"]
[WhiteElo "2395"]
[BlackElo "2380"]

1.e4 e6 2.Nf3 d5 3.Nc3 d4 4.Ne2 c5 5.c3 Nf6 6.cxd4 cxd4 7.e5 Nfd7 8.Nexd4 Nxe5
9.Bb5+ Nec6 10.O-O Be7 11.Nb3 a6 12.Be2 e5 13.d4 exd4 14.Nfxd4 O-O 15.Be3 Bf6
16.Nxc6 Nxc6 17.Qc2 Qd5 18.Rad1 Qe5 19.Nd4  1/2-1/2

[Event "BCF-ch"]
[Site "Clacton on Sea"]
[Date "1974.08.16"]
[Round "11"]
[White "Bellin, Robert"]
[Black "Nunn, John DM"]
[Result "1-0"]
[WhiteElo "2355"]
[BlackElo "2395"]

1.e4 g6 2.d4 Bg7 3.Nc3 d6 4.f4 c6 5.Be3 b5 6.Bd3 b4 7.Nce2 Nf6 8.Nf3 O-O
9.a3 Na6 10.Bd2 Qb6 11.e5 Nd5 12.c4 Ndc7 13.a4 c5 14.a5 Qb8 15.O-O cxd4 16.Nexd4 Ne6
17.Be4 Nxd4 18.Bxa8 Qxa8 19.Nxd4 dxe5 20.fxe5 Bxe5 21.Nf3 Bg7 22.Qc2 e6 23.Bf4 Qc6
24.Rad1 Qc5+ 25.Kh1 Qxa5 26.Bd6 Re8 27.Ne5 f6 28.Nc6 Qb6 29.Ne7+ Kf7 30.c5 Nxc5
31.Nxc8 Rxc8 32.Bxc5 Rxc5 33.Rd7+ Kg8 34.Rfd1 Bf8 35.Qf2 Qc6 36.Rxa7 Rc2
37.Qg3 Qc5 38.Rb7 Qd5 39.Qf3 Qxf3 40.gxf3  1-0

[Event "Zetters"]
[Site "Birmingham"]
[Date "1975.03.31"]
[Round "5"]
[White "Ball, Jol DL"]
[Black "Nunn, John DM"]
[Result "1/2-1/2"]
[WhiteElo "2200"]
[BlackElo "2375"]

1.e4 g6 2.d4 Bg7 3.Nc3 d6 4.Be3 a6 5.a4 Nd7 6.Bc4 e5 7.Nf3 exd4 8.Bxd4 Ngf6
9.O-O O-O 10.e5 dxe5 11.Nxe5 Nxe5 12.Bxe5 Bg4 13.f3 Bf5 14.Qxd8 Raxd8 15.Bb3 c6
16.Rad1 Rxd1 17.Rxd1 Re8 18.Bc7 h5 19.Kf2 Bh6 20.Re1 Rxe1 21.Kxe1 b5 22.Bd6 Bc1
23.Nd1 Nd7 24.axb5 axb5 25.Bb4 Bf4 26.g3 Be5 27.Kd2 Bc7 28.Be7 Bb6 29.Ne3 Bh3
30.c3 Ne5 31.Ke2 Bc8  1/2-1/2

[Event "Zetters"]
[Site "Birmingham"]
[Date "1975.04.02"]
[Round "6"]
[White "Nunn, John DM"]
[Black "Mestel, A Jonathan"]
[Result "0-1"]
[WhiteElo "2375"]
[BlackElo "2290"]

1.e4 c5 2.Nf3 Nf6 3.e5 Nd5 4.Nc3 e6 5.Nxd5 exd5 6.d4 Qb6 7.Bd3 cxd4 8.O-O Nc6
9.Ng5 Be7 10.Re1 h6 11.Nh3 Nb4 12.Nf4 Qc6 13.Bf5 b6 14.a3 g6 15.axb4 gxf5
16.Qxd4 Rg8 17.Ra3 Bb7 18.Rc3 Qb5 19.e6 fxe6 20.Nxe6 Qxb4 21.Ng7+ Kf7 22.Nxf5 Qxd4
23.Nxd4 Bf6 24.Rc7 Rge8 25.Rxd7+ Kg6 26.Ne6 Bc6 27.Rd6 Rac8 28.Rd1 Be5 29.Nf4+ Kf5
30.Rxh6 Bxf4 31.Bxf4 Kxf4 32.Rh5 Kg4 33.Rh7 Re2 34.Rxa7 Rxc2 35.Rd4+ Kf5
36.g4+ Ke5 37.Rb4 d4 38.f4+ Kxf4 39.Rxd4+ Ke5  0-1

[Event "Zetters"]
[Site "Birmingham"]
[Date "1975.04.03"]
[Round "7"]
[White "Bisguier, Arthur Bernard"]
[Black "Nunn, John DM"]
[Result "1-0"]
[WhiteElo "2445"]
[BlackElo "2375"]

1.c4 Nf6 2.Nc3 e6 3.d4 c5 4.e3 d5 5.Nf3 Nc6 6.a3 cxd4 7.exd4 Be7 8.c5 Ne4
9.Bb5 Nxc3 10.bxc3 O-O 11.O-O Bd7 12.Re1 b6 13.cxb6 axb6 14.Bd3 Bf6 15.Ra2 Re8
16.Ne5 g6 17.f4 Bg7 18.Rf2 Qc7 19.Rf3 f6 20.Nxd7 Qxd7 21.Bb5 Qd6 22.Rfe3 Re7
23.a4 Na7 24.Bf1 Rae8 25.Qb3 Rc7 26.Ba3 Qc6 27.Rb1 Bh6 28.g3 Rf7 29.c4 Rd7
30.cxd5 Qxd5 31.Bc4 Qxd4 32.Bb2 Qd2 33.Rxe6  1-0

[Event "Zetters"]
[Site "Birmingham"]
[Date "1975.04.05"]
[Round "9"]
[White "Corden, Martyn J"]
[Black "Nunn, John DM"]
[Result "0-1"]
[WhiteElo "2315"]
[BlackElo "2375"]

1.e4 e5 2.Nf3 Nc6 3.d4 exd4 4.Bc4 Nf6 5.e5 d5 6.Bb5 Ne4 7.Nxd4 Bc5 8.O-O O-O
9.Bxc6 bxc6 10.b4 Bb6 11.Nxc6 Qh4 12.Be3 Ba6 13.g3 Qh3 14.Re1 Bxe3 15.Rxe3 Nxf2
16.Kxf2 Qxh2+ 17.Kf3 Qh5+ 18.g4 Qh3+ 19.Kf2 Qh2+ 20.Ke1 Qh4+ 21.Kd2 d4 22.Nxd4 Qf2+
23.Ne2 Rad8+ 24.Rd3 Qf3 25.Kc3 Bxd3 26.cxd3 Rfe8 27.Kc2 Rxe5 28.Nec3 Qg3
29.Na3 Re3 30.Qg1 Rdxd3  0-1

[Event "Zetters"]
[Site "Birmingham"]
[Date "1975.04.06"]
[Round "10"]
[White "Nunn, John DM"]
[Black "Miles, Anthony J"]
[Result "1/2-1/2"]
[WhiteElo "2375"]
[BlackElo "2435"]

1.e4 d6 2.d4 Nf6 3.Nc3 g6 4.f4 Bg7 5.Nf3 c5 6.e5 Nfd7 7.exd6 O-O 8.Be3 exd6
9.Qd2 Re8 10.O-O-O Nf6  1/2-1/2

[Event "Zetters"]
[Site "Birmingham"]
[Date "1975.04.08"]
[Round "11"]
[White "Cafferty, Bernard"]
[Black "Nunn, John DM"]
[Result "1/2-1/2"]
[WhiteElo "2335"]
[BlackElo "2375"]

1.c4 Nf6 2.Nc3 e6 3.e4 d5 4.e5 Nfd7 5.d4 dxc4 6.Bxc4 c5 7.Nf3 Nc6 8.Bg5 Be7
9.Bxe7 Qxe7 10.Ne4 O-O 11.Bb5 cxd4  1/2-1/2

[Event "Zetters"]
[Site "Birmingham"]
[Date "1975.04.09"]
[Round "12"]
[White "Nunn, John DM"]
[Black "Webb, Simon"]
[Result "1/2-1/2"]
[WhiteElo "2375"]
[BlackElo "2385"]

1.e4 e6 2.d4 d5 3.Nd2 c5 4.Ngf3 Nc6 5.Bb5 cxd4 6.Nxd4 Bd7 7.Nxc6 bxc6 8.Bd3 Qc7
9.c4 Nf6 10.O-O Bd6 11.h3 O-O 12.Re1 dxe4 13.Bxe4 Nxe4 14.Nxe4 Bb4 15.Bd2 Bxd2
16.Qxd2  1/2-1/2

[Event "Zetters"]
[Site "Birmingham"]
[Date "1975.04.10"]
[Round "13"]
[White "Botterill, George Steven"]
[Black "Nunn, John DM"]
[Result "1/2-1/2"]
[WhiteElo "2400"]
[BlackElo "2375"]

1.Nf3 d5 2.b3 c5 3.e3 Nf6 4.Bb2 e6 5.Bb5+ Bd7 6.Bxd7+ Nbxd7 7.d3 Be7 8.O-O O-O
9.Nbd2 Qc7 10.c4 Rad8 11.Qe2 dxc4 12.bxc4 Bd6 13.Rab1 b6 14.h3 Ne5 15.Ne1 Rfe8
16.Bc3 Ned7 17.Nef3 Ne5 18.Rfd1 Nfd7 19.Ne4 Nxf3+ 20.Qxf3 Be5 21.d4 cxd4
22.exd4 Bf6 23.Bb4 Be7 24.Qa3 Nf6 25.Bxe7 Qxe7 26.Nxf6+ Qxf6 27.Qxa7 Rxd4
28.Qxb6 Rxc4 29.Qb5 Rcc8 30.a4 g6 31.Rb3 Red8 32.Rxd8+ Rxd8 33.Rf3 Qd4 34.a5 Rd7
35.Qb8+ Kg7 36.Kh2 e5 37.Qb6 Rd6 38.Qxd4 exd4 39.Rd3 Ra6  1/2-1/2

[Event "IBM-B"]
[Site "Amsterdam"]
[Date "1975.??.??"]
[Round "2"]
[White "Nunn, John DM"]
[Black "Hartoch, Robert G"]
[Result "1/2-1/2"]
[WhiteElo "2375"]
[BlackElo "2375"]

1.e4 c5 2.Nf3 d6 3.d4 cxd4 4.Nxd4 Nf6 5.Nc3 e6 6.Be3 a6 7.Be2 Be7 8.f4 O-O
9.O-O Qc7 10.a4 b6 11.Bf3 Bb7 12.Qe1 Nbd7 13.Rd1 Rfe8 14.Kh1 Bf8 15.Qg3 Nc5
16.e5 Nfe4 17.Nxe4 Nxe4 18.Bxe4 Bxe4 19.exd6 Bxd6 20.c3 Bf8 21.Qf2 Qb7 22.Nf3 b5
23.axb5 axb5 24.Ng5 Bg6 25.Bc5 Bxc5 26.Qxc5 Rac8 27.Qd4 Rc4 28.Qe3 Qb8 29.Rd4 Rxd4
30.Qxd4 Rd8 31.Qe3 b4 32.Nf3 bxc3 33.bxc3 Qb7 34.c4 Be4 35.h3 Rd3 36.Qe2 Rc3
37.Qd2 Rd3 38.Qe2 h6 39.Kh2 Rc3 40.Nd2 Bd3 41.Qf3  1/2-1/2

[Event "IBM-B"]
[Site "Amsterdam"]
[Date "1975.??.??"]
[Round "3"]
[White "Ligterink, Gert"]
[Black "Nunn, John DM"]
[Result "1/2-1/2"]
[WhiteElo "2365"]
[BlackElo "2375"]

1.e4 g6 2.d4 Bg7 3.Nc3 d6 4.f4 Nf6 5.Nf3 O-O 6.Be3 Na6 7.h3 c5 8.e5 Nh5 9.Bxa6 Ng3
10.Bf1 Nxh1 11.g4 Ng3 12.Bg2 cxd4 13.Qxd4 dxe5 14.fxe5 Qxd4 15.Bxd4 h5 16.Kf2 Rd8
17.Rd1 hxg4 18.hxg4 Bxg4 19.Kxg3 Bf5 20.Rd2 Rac8 21.Bh3 Rc6 22.Re2 Bxh3 23.Kxh3 a6
24.Ne4 f6 25.c3 Rd5 26.Nf2 fxe5 27.Nxe5 Bxe5 28.Bxe5 Rc8 29.Ng4 Rf8 30.Bd4 Rd7
31.Kg3 Rf1 32.Rh2 Rd5 33.Rh6 Rd6 34.Rh8+ Kf7 35.Ne5+ Ke6 36.Rg8 Rb1 37.Rxg6+ Kd5
38.Rxd6+ exd6 39.Nd3 Ke4 40.Nf2+ Kd5 41.Bh8 Ra1 42.c4+ Kc6 43.a3 Rc1 44.Bc3 Rxc3+  1/2-1/2

[Event "IBM-B"]
[Site "Amsterdam"]
[Date "1975.??.??"]
[Round "4"]
[White "Nunn, John DM"]
[Black "Enklaar, Bertus F"]
[Result "1/2-1/2"]
[WhiteElo "2375"]
[BlackElo "2410"]

1.e4 c6 2.c4 d5 3.cxd5 cxd5 4.exd5 Nf6 5.Nc3 Nxd5 6.Bc4 Nb6 7.Bb3 Nc6 8.Nf3 Nd4
9.Nxd4 Qxd4 10.O-O e6 11.a4 Bd7 12.a5 Nc8 13.d3 Bc6 14.Be3 Qd7 15.d4 Bd6
16.Qg4 Ne7 17.Rfd1 O-O-O 18.d5 exd5 19.Qxd7+ Rxd7 20.Bxa7 Be5 21.Rac1 Bc7
22.Na4 Bxa5 23.Bb6 Bb4 24.Bd4 Kc7 25.Bxg7 Rg8 26.Bd4 Nf5 27.Nc3 Bxc3 28.bxc3 Nxd4
29.Rxd4  1/2-1/2

[Event "IBM-B"]
[Site "Amsterdam"]
[Date "1975.??.??"]
[Round "6"]
[White "Rodriguez, Ruben"]
[Black "Nunn, John DM"]
[Result "0-1"]
[WhiteElo "2410"]
[BlackElo "2375"]

1.c4 Nf6 2.Nc3 e6 3.Nf3 c5 4.e3 Nc6 5.a3 d5 6.d4 cxd4 7.exd4 Ne4 8.Bd3 Nxc3
9.bxc3 dxc4 10.Bxc4 Be7 11.Bd3 O-O 12.Qe2 Bf6 13.O-O g6 14.Bf4 b6 15.Rad1 Bb7
16.Rfe1 Rc8 17.Ne5 Bg7 18.Nc4 Ne7 19.Rc1 Qd5 20.Ne3 Qd7 21.Ng4 Nd5 22.Bd2 Qc6
23.Qf1 Qd6 24.c4 Nf4 25.Be4 Ba6 26.Bb4 Qxd4 27.Bxf8 Kxf8 28.g3 Rxc4 29.Rxc4 Bxc4
30.Rd1 Qxe4 31.f3 Bd4+ 32.Kh1 Bxf1  0-1

[Event "IBM-B"]
[Site "Amsterdam"]
[Date "1975.??.??"]
[Round "7"]
[White "Nunn, John DM"]
[Black "Boey, Josef"]
[Result "1-0"]
[WhiteElo "2375"]
[BlackElo "2430"]

1.e4 c5 2.Nf3 a6 3.c3 d5 4.exd5 Nf6 5.d4 Nxd5 6.Bd3 cxd4 7.cxd4 g6 8.Nc3 Bg7
9.Qb3 Nxc3 10.bxc3 Qc7 11.O-O O-O 12.Ba3 Be6 13.d5 Bg4 14.Rae1 Bxf3 15.Rxe7 Qf4
16.gxf3 Nd7 17.Qc4 Qxc4 18.Bxc4 Rfc8 19.Rxd7 Rxc4 20.Rxb7 Rxc3 21.Be7 Bf8
22.Bh4 Rd3 23.Rd7 Rc8 24.Rb1 Rc4 25.Bg3 Rcd4 26.Rbb7 h5 27.h4 Rxd5 28.Rxf7 Rf5
29.Rfc7 Rdxf3 30.Rc6 Rf6 31.Rbb6 Rxc6 32.Rxc6 a5 33.Rxg6+ Kf7 34.Rg5 Ra3
35.Rf5+  1-0

[Event "IBM-B"]
[Site "Amsterdam"]
[Date "1975.??.??"]
[Round "8"]
[White "Eising, Johannes"]
[Black "Nunn, John DM"]
[Result "0-1"]
[WhiteElo "2415"]
[BlackElo "2375"]

1.g3 d5 2.Bg2 e5 3.Nf3 Nc6 4.O-O Nf6 5.c4 dxc4 6.Qa4 Bd6 7.Nc3 O-O 8.Qxc4 Be6
9.Qh4 h6 10.d3 Be7 11.Qa4 Nd7 12.Qd1 Nb6 13.Be3 f5 14.Na4 f4 15.Bc5 Bd6 16.Rc1 Qe8
17.Nxb6 axb6 18.Bxd6 cxd6 19.d4 Bg4 20.dxe5 dxe5 21.Qb3+ Kh8 22.Qxb6 e4 23.Nd4 Ra6
24.Qc5 Ra5 25.Qc3 Nxd4 26.Qxd4 Bxe2 27.Rc7 Qe5 28.Qxe5 Rxe5 29.Rfc1 f3 30.Bf1 Rd5
31.R7c2 Bd1 32.Rc4 Re8 33.h4 Rd2 34.R4c3 Be2 35.R3c2 Red8 36.Rxd2 Rxd2 37.Rb1 g5
38.hxg5 hxg5 39.a4 Bd3 40.Bxd3 exd3 41.g4 Kg7 42.Kh2 Kf6 43.Kg3 Ke5 44.Kxf3 Kd4
45.a5 Rc2 46.Ra1 Rxb2 47.a6 bxa6 48.Rxa6 Rb5 49.Ra4+ Kc3 50.Ra3+ Rb3 51.Ra2 Rb8
52.Ra3+ Kc2 53.Ra2+ Kb3 54.Ra7 Rd8 55.Rb7+ Kc2 56.Rc7+ Kd1 57.Kg2 d2 58.Kf1 Ra8
59.f4 Ra4 60.fxg5 Rf4+  0-1